000 00623nam a2200229Ia 4500
003 OSt
005 20220924133908.0
006 a|||||r|||| 00| 0
007 ta
008 220923b |||||||| |||| 00| 0 urd d
024 _a270212
037 _cTextual
040 _aARTS
_cARTS
_burd
041 _2urd
_aurd
082 _aO168:gxN281,1, N82;P02
100 _aKhalilur Rehman Azmi
_9207619
245 0 _aUrdu me tarakki pasand adabi tehreeq
260 _c1982
650 _aURDU LITERATURE
942 _hO168:gxN281,1, N82;P02
_cTEXL
_2CC
999 _c435646
_d435646